Sistemàtica pomològica : pomes - peres : contribucio al 'Code of Pomological Nomenclature' / Francesc X. Riera pomes - peres :
Descripción Física:
57 p., [13] f. pleg. amb làm. : il. ; 25 cm
MARC
| LEADER | 00000nam a2200000Ia 4500 | ||
|---|---|---|---|
| 001 | 10102 | ||
| 008 | 160829s1938 xx 000 0 cat d | ||
| 080 | |a C-2-112 | ||
| 100 | |a Riera, Francesc Xavier |9 27561 | ||
| 245 | |a Sistemàtica pomològica : |b pomes - peres : |b contribucio al 'Code of Pomological Nomenclature' / Francesc X. Riera | ||
| 260 | |a Barcelona : |b Generalitat de Catalunya, Serveis Tècnics d'Agricultura, |c 1938 | ||
| 300 | |a 57 p., [13] f. pleg. amb làm. : |b il. ; |c 25 cm | ||
| 650 | |a Pomes |x Classificació |9 32442 | ||
| 650 | |a Peres |x Classificació |9 32443 | ||
| 710 | 1 | |a Catalunya. |b Serveis Tècnics d'Agricultura |9 54616 | |
| 901 | |a Arxiu | ||
| 942 | |n 1 | ||
| 952 | |0 0 |1 0 |4 0 |6 C2112 |7 1 |9 45984 |a Arxiu |b Arxiu |d 2016-12-01 |l 0 |o C-2-112 |p 10102 |r 2016-12-01 00:00:00 |w 2016-12-01 |y ARXIU | ||
| 999 | |c 49485 |d 49485 | ||